000 03036nam0a2200493 4500
001 RU\NLR\bibl\349390
005 20260406141909.0
010 _a5-7107-5499-4
_915000
021 _aRU
_b2002-46420
_92248
035 _a(NLR Aleph) 000344175
090 _a235309
_c235309
100 _a20021203d2002 |||y0rusy50 ca
101 0 _arus
102 _aRU
105 _ay |||||||||
200 1 _aСтихотворения
_eАнализ текста. Основное содерж. Сочинения
_fМ. В. Ломоносов, Г. Р. Державин
_g[Авт.-сост. Горелик Л. Л.]
210 _aМ.
_cДрофа
_d2002
215 _a127, [1] с.
_d20
225 1 _aШкольная программа
604 _1200#1$aДержавин$gГаврила Романович$bГ.Р.$f1743 - 1816
_1235|#$aПоэзия
_aДержавин, Гаврила Романович (1743 - 1816)
_tПоэзия
_jРуководства, пособия и т.п. для средней школы
_3RU\NLR\AUTH\66347325
_9939314
604 _1200#1$aДержавин$gГаврила Романович$bГ.Р.$f1743 - 1816
_1235|#$aПоэзия
_aДержавин, Гаврила Романович (1743 - 1816)
_tПоэзия
_jУчебные издания для средней школы
_3RU\NLR\AUTH\66347325
_9939314
604 _1200#1$aЛомоносов$bМ.В.$gМихаил Васильевич$f1711 - 1765
_12351#$aПоэзия
_aЛомоносов, Михаил Васильевич (1711 - 1765)
_tПоэзия
_jРуководства, пособия и т.п. для средней школы
_3RU\NLR\AUTH\661361173
_92271026
604 _1200#1$aЛомоносов$bМ.В.$gМихаил Васильевич$f1711 - 1765
_12351#$aПоэзия
_aЛомоносов, Михаил Васильевич (1711 - 1765)
_tПоэзия
_jУчебные издания для средней школы
_3RU\NLR\AUTH\661361173
_92271026
610 0 _aРусская поэзия, 18-19 вв.
610 0 _aХудожественные произведения - Анализ
610 0 _aСочинения по литературе
675 _a373.167.1:821.161.1.09
_v3
_zrus
675 _a821.161.1.09(075.3)
_v3
_zrus
686 _a14.25
_2rugasnti
686 _a83.3(2Рос-Рус)1я721
_2rubbk
686 _aЧ426.21,6(2)315.8-Ломоносов
686 _aЧ426.21,6(2)315.8-Державин
686 _aШ5(2=Р)4-4Ломоносов535
686 _aШ5(2=Р)4-4Державин535
700 1 _4070
_8rus
_7ca
_aЛомоносов
_bМ. В.
_f1711-1765
_gМихаил Васильевич
_3RU\NLR\auth\772859
_9112866
701 1 _4070
_8rus
_7ca
_aДержавин
_bГ. Р.
_f1743-1816
_gГаврила Романович
_3RU\NLR\auth\773473
_9113469
702 1 _aГорелик
_bЛ. Л.
_gЛюдмила Львовна
_4220
801 0 _aRU
_bRKP
_c20021203
_gPSBO
801 1 _aRU
_bRKP
_c20021203
801 2 _aRU
_bNLR
_c20050201
_grcr
942 _cBOOK
980 _aNB